|
|
|
|
| LEADER |
00000nab a2200000 ar4500 |
| 001 |
vtls008931837 |
| 003 |
SK-MaSNL |
| 005 |
20260318114214.0 |
| 008 |
061114c20061106xo |||||||| 000 b|hun |
| 015 |
|
|
|a SNBRB2006/11
|2 snkbucl
|
| 038 |
|
|
|a SNKBUCL
|
| 040 |
|
|
|a DSZK
|b slo
|c DSZK
|e AACR2
|
| 041 |
0 |
|
|a hun
|
| 044 |
|
|
|a xo
|c SK
|
| 080 |
|
|
|a 82´373:821.511.141
|2 1997
|
| 080 |
|
|
|a 821.511.141´373
|2 1997
|
| 100 |
1 |
|
|a Szabómihály, Gizella,
|d 1956-
|4 aut
|9 102332
|
| 245 |
1 |
0 |
|a Mit jelent a kurikulárny magyarul?
|c Szabómihály Gizella
|
| 650 |
0 |
7 |
|a maďarčina
|x slovná zásoba
|x lexémy označujúce kurikulárny
|x ekvivalenty
|2 snkbucl
|9 1634256
|
| 650 |
0 |
7 |
|a slovná zásoba
|2 snkbucl
|9 66837
|
| 773 |
0 |
|
|t Új szó
|g Évf. 59, sz. 255 (6.11.2006), o. 6
|
| 852 |
|
|
|a SNK
|b KIS3GCP
|
| 852 |
|
|
|a DSZK
|b KIS3GCP
|
| 958 |
|
|
|a HU
|
| 958 |
|
|
|a SK
|
| 999 |
|
|
|c 3366772
|d 3368702
|